| 000 | 00599nam a2200217 a 4500 | ||
|---|---|---|---|
| 005 | 20220909171318.0 | ||
| 008 | 050629s1999 000 eng d | ||
| 020 | _a9706512705 | ||
| 035 | _aUPN01000140430 | ||
| 049 | _aCG | ||
| 050 | 4 |
_aPQ7297 S8.6 _bS3.5 |
|
| 100 | 1 |
_aSpota, Luis, _d1925-1985 _930041 |
|
| 245 | 1 | 3 |
_aLa sangre enemiga / _cLuis Spota. |
| 260 |
_aMéxico : _bOcéano, _cc1999. |
||
| 300 | _a265 p. | ||
| 440 | 0 | _aTiempo de México | |
| 440 | 3 |
_aEl día siguiente. _pObras de Luis Spota |
|
| 650 | 0 |
_aCirco _vNovela _93045 |
|
| 650 | 4 |
_aCIRCO - _zMEXICO _99533 |
|
| 905 | _aLibro | ||
| 999 |
_c112578 _d112578 |
||